| 000 | 00452nam a2200157 i 4500 | ||
|---|---|---|---|
| 001 | 152061 | ||
| 003 | ES-MaACL | ||
| 005 | 20230906204520.0 | ||
| 008 | 931025s1886 sp |||| | spa d | ||
| 040 |
_aPAB _bspa _cPAB |
||
| 100 | 1 |
_aBesses, Luis. _928600 |
|
| 245 | 1 | 3 |
_aLa mitra _b: novela / _cLuis Besses. |
| 260 |
_aMadrid : _b[s.n.], _c1886 ( _fEstab. Tip. de Ricardo Fé) |
||
| 300 |
_a238 p. ; _c19 cm. |
||
| 852 |
_aES-MaACL _jG-295 _z-- Rúst. |
||
| 999 |
_c152061 _d152061 |
||